000
00301nam a22001337a 4500
008
170920b xxu||||| |||| 00| 0 eng d
020
_a
9780131840690
041
_a
eng
080
_2
5 ED
_a
7
100
_a
45
101
_a
ART
245
_a
HISTORY OF MODERN ART
_c
ARNASON.H.H
942
_2
udc
_c
BK
999
_c
28600
_d
28600